MARC details
| 000 -CABECERA |
| campo de control de longitud fija |
01003cam a2200253 a 4500 |
| 001 - NÚMERO DE CONTROL |
| campo de control |
000006505 |
| 005 - FECHA Y HORA DE LA ÚLTIMA TRANSACCIÓN |
| campo de control |
20200929153937.0 |
| 008 - DATOS DE LONGITUD FIJA--INFORMACIÓN GENERAL |
| campo de control de longitud fija |
960318s1995 ck b 000 0 spa d |
| 020 ## - NÚMERO INTERNACIONAL ESTÁNDAR DEL LIBRO |
| Número Internacional Estándar del Libro |
9589412092 |
| 040 ## - FUENTE DE LA CATALOGACIÓN |
| Centro catalogador/agencia de origen |
DO-SdBNP |
| Lengua de catalogación |
spa |
| Centro/agencia transcriptor |
LC |
| Centro/agencia modificador |
BNPHU |
| 082 ## - NÚMERO DE LA CLASIFICACIÓN DECIMAL DEWEY |
| Número de clasificación |
986.105 |
| Número de documento/Ítem |
S232c |
| 049 ## - FONDOS LOCALES (OCLC) |
| Fondos de biblioteca |
BNGR |
| 245 00 - MENCIÓN DE TÍTULO |
| Título |
Santander y las comunicaciones en Colombia y la Nueva Granada 1821-1837 / |
| Mención de responsabilidad, etc. |
compilador Luis Horacio López Domínguez. |
| 260 ## - PUBLICACIÓN, DISTRIBUCIÓN, ETC. |
| Lugar de publicación, distribución, etc. |
Santafé de Bogotá : |
| Nombre del editor, distribuidor, etc. |
Sociedad Santanderista de Colombia, |
| Fecha de publicación, distribución, etc. |
1995. |
| 300 ## - DESCRIPCIÓN FÍSICA |
| Extensión |
xxiii, 446 p. ; |
| Dimensiones |
24 cm. |
| 651 #4 - PUNTO DE ACCESO ADICIONAL DE MATERIA--NOMBRE GEOGRÁFICO |
| Nombre geográfico |
Colombia |
| Subdivisión general |
Historia |
| Subdivisión cronológica |
1821-1837 |
| 9 (RLIN) |
18038 |
| 600 14 - PUNTO DE ACCESO ADICIONAL DE MATERIA--NOMBRE DE PERSONA |
| Nombre de persona |
SANTANDER, FRANCISCO DE PAULA, |
| Fechas asociadas al nombre |
1792-1840 |
| 9 (RLIN) |
18039 |
| 650 #4 - PUNTO DE ACCESO ADICIONAL DE MATERIA--TÉRMINO DE MATERIA |
| Término de materia o nombre geográfico como elemento de entrada |
Correo |
| Subdivisión geográfica |
Colombia |
| Subdivisión cronológica |
1821-1837 |
| 9 (RLIN) |
18040 |
| 650 #4 - PUNTO DE ACCESO ADICIONAL DE MATERIA--TÉRMINO DE MATERIA |
| Término de materia o nombre geográfico como elemento de entrada |
Comunicaciones |
| Subdivisión geográfica |
Colombia |
| Subdivisión cronológica |
1821-1837 |
| 9 (RLIN) |
18041 |
| 650 #4 - PUNTO DE ACCESO ADICIONAL DE MATERIA--TÉRMINO DE MATERIA |
| Término de materia o nombre geográfico como elemento de entrada |
Colombia |
| Subdivisión general |
Comercio exterior |
| -- |
Historia |
| 9 (RLIN) |
18042 |
| 700 1# - PUNTO DE ACCESO ADICIONAL--NOMBRE DE PERSONA |
| Nombre de persona |
López D., Luis Horacio |
| Forma completa/desarrollada del nombre |
(López Domínguez) |
| 9 (RLIN) |
18043 |
| 710 1# - PUNTO DE ACCESO ADICIONAL--NOMBRE DE ENTIDAD CORPORATIVA |
| Nombre de entidad corporativa o nombre de jurisdicción como elemento de entrada |
Colombia. |
| Unidad subordinada |
Ministerio de Educacion Nacional. |
| 9 (RLIN) |
18044 |
| 910 ## - DATOS DE OPCIÓN DEL USUARIO (OCLC) |
| Datos de opción del usuario |
Catalogación por copia / LC |